书目信息 |
| 题名: |
俄国外交政策的一世纪
|
|
| 作者: | 杰拉维奇 著 ;福建师范大学外语系编译室 译 | |
| 分册: | ||
| 出版信息: | 北京 商务印书馆 1978 |
|
| 页数: | 282页 | |
| 开本: | 20cm | |
| 丛书名: | ||
| 单 册: | ||
| 中图分类: | K512.4 | |
| 科图分类: | ||
| 主题词: | 外交政策--沙俄--1814~1914 , 东欧--历史 , 中欧--历史 | |
| 电子资源: | ||
| ISBN: | ||
| 000 | 00850nam0 2200265 45 | |
| 001 | 0178005928 | |
| 005 | 20060427150403.93 | |
| 010 | @dCNY0.92 | |
| 091 | @a11017.432 | |
| 100 | @a19950714d1978 kemy0chiy0121 ea | |
| 101 | 1 | @achi@ceng |
| 102 | @aCN@b110000 | |
| 105 | @ay z 000yd | |
| 200 | 10 | @a俄国外交政策的一世纪@Ae guo wai jiao zheng ce de yi shi ji@e1814-1914@f(美)巴巴拉·杰拉维奇著@F(mei)ba ba la·jie la wei qi zhu@g福建师范大学外语系编译室译 |
| 210 | @a北京@c商务印书馆@d1978 | |
| 215 | @a282页@d20cm | |
| 606 | @a外交政策@y沙俄@z1814~1914 | |
| 606 | 0 | @a东欧@x历史 |
| 606 | 0 | @a中欧@x历史 |
| 610 | 0 | @a俄国 |
| 690 | @aK512.4@v4 | |
| 701 | 0 | @a杰拉维奇@Ajie la wei qi@4著 |
| 712 | 02 | @a福建师范大学外语系编译室@Afu jian shi fan da xue wai yu xi bian yi shi@4译 |
| 801 | 0 | @aCN@bTSSF@c20060427 |
| 905 | @a10447@dK512.4@e6 | |
| 俄国外交政策的一世纪:1814-1914/(美)巴巴拉·杰拉维奇著/福建师范大学外语系编译室译.-北京:商务印书馆,1978 |
| 282页;20cm |
| ISBN :CNY0.92 |
| ● |
| 相关链接 |
|
|
|
|
正题名:俄国外交政策的一世纪
索取号:K512.4/6
 
预约/预借
| 序号 | 登录号 | 条形码 | 馆藏地/架位号 | 状态 | 备注 |
| 1 | 0005503 | 202265789 | 密集书库/ [索取号:K512.4/6] | 在馆 |